000 00258nam a22001097a 4500
082 _a954
100 _aStudy IQ
245 _a1000+ MCQs On INDIAN HISTORY
260 _aDelhi
_bStudy IQ Publication
_c2023
650 _aINDIAN HISTORY
_9227
942 _cC. BOOKS
999 _c67619
_d67619